[Event "Gelsenkirchen Silvester op 6th"]
[Site "Gelsenkirchen"]
[Date "2018.12.29"]
[Round "5"]
[White "Hufnagel, Markus"]
[Black "Aufermann, Kevin"]
[Result "1-0"]
[WhiteElo "1697"]
[BlackElo "1234"]
[PlyCount "63"]
[EventDate "2018.12.27"]
[EventType "swiss"]
[EventRounds "7"]
[EventCountry "GER"]
[SourceTitle "CBM 188 Extra"]
[Source "ChessBase"]
[SourceDate "2019.02.26"]
[SourceVersion "1"]
[SourceVersionDate "2019.02.26"]
[SourceQuality "1"]

1. c4 Nf6 2. g3 e6 3. Bg2 Nc6 4. Nc3 Bb4 5. e3 0-0 6. Nge2 b6 7. 0-0 Bb7 8. e4 e5 9. d3 h6 10. h3 d6 11. Kh2 g5 12. Nd5 Nxd5 13. cxd5 Ne7 14. f4 f6 15. Nc3 Bxc3 16. bxc3 Ng6 17. f5 Ne7 18. h4 Rc8 19. hxg5 fxg5 20. Bh3 Rf6 21. d4 c6 22. c4 cxd5 23. cxd5 Qc7 24. Rf2 exd4 25. Qxd4 Rcf8 26. Bb2 R6f7 27. Rc1 Qb8 28. f6 Ng6 29. Be6 Ne5 30. Qe3 Ng4+ 31. Bxg4 Rxf6 32. Bxf6 1-0

[Event "Gelsenkirchen Silvester op 6th"]
[Site "Gelsenkirchen"]
[Date "2018.12.29"]
[Round "6"]
[White "Kleinert, Andreas"]
[Black "Hufnagel, Markus"]
[Result "1-0"]
[WhiteElo "1845"]
[BlackElo "1697"]
[PlyCount "111"]
[EventDate "2018.12.27"]
[EventType "swiss"]
[EventRounds "7"]
[EventCountry "GER"]
[SourceTitle "CBM 188 Extra"]
[Source "ChessBase"]
[SourceDate "2019.02.26"]
[SourceVersion "1"]
[SourceVersionDate "2019.02.26"]
[SourceQuality "1"]

1. c4 e5 2. g3 Nf6 3. Bg2 c6 4. d4 exd4 5. Qxd4 d5 6. Nf3 Be7 7. 0-0 0-0 8. Nc3 c5 9. Qd3 d4 10. Nd1 Nc6 11. a3 Bg4 12. b3 Bxf3 13. Qxf3 Rb8 14. Bf4 Bd6 15. Nb2 Bxf4 16. Qxf4 Nh5 17. Qf5 Nf6 18. Nd3 Na5 19. Rab1 b6 20. Nf4 Nb7 21. Nd5 Nxd5 22. Bxd5 Nd6 23. Qf3 Ne8 24. e3 dxe3 25. fxe3 Nf6 26. e4 Qe7 27. Rfe1 Qe5 28. Rbd1 Rbd8 29. Re2 h6 30. Red2 Kh8 31. Rf2 Nxd5 32. exd5 f5 33. Re2 Qf6 34. Re6 Qb2 35. Rde1 f4 36. gxf4 Qd4+ 37. Qe3 Rxf4 38. Qxd4 cxd4 39. R1e4 Rf3 40. b4 Rxa3 41. Rxd4 a5 42. bxa5 Rxa5 43. d6 Kh7 44. d7 b5 45. c5 b4 46. c6 b3 47. Rb4 Ra1+ 48. Kf2 Rf8+ 49. Kg2 Ra2+ 50. Kg3 Rff2 51. Rxb3 Rg2+ 52. Kf4 Raf2+ 53. Rf3 g5+ 54. Ke4 Re2+ 55. Kf5 Rc2 56. Re7+ 1-0

[Event "Gelsenkirchen Silvester op 5th"]
[Site "Gelsenkirchen"]
[Date "2017.12.27"]
[Round "2"]
[White "Lehnert, Michael"]
[Black "Hufnagel, Markus"]
[Result "1-0"]
[WhiteElo "1839"]
[BlackElo "1624"]
[PlyCount "73"]
[EventDate "2017.12.27"]
[EventType "swiss"]
[EventRounds "5"]
[EventCountry "GER"]
[SourceTitle "CBM 182 Extra"]
[Source "ChessBase"]
[SourceDate "2018.02.23"]
[SourceVersion "1"]
[SourceVersionDate "2018.02.23"]
[SourceQuality "1"]

1. f4 d5 2. e3 c5 3. b3 Nc6 4. Bb2 Nf6 5. d3 e6 6. Nf3 Bd6 7. g3 0-0 8. Bg2 Qe7 9. 0-0 e5 10. h3 Bd7 11. Nbd2 e4 12. Bxf6 Qxf6 13. dxe4 Qg6 14. exd5 Nb4 15. Nc4 Nxc2 16. Nfe5 Bxe5 17. Nxe5 Qxg3 18. Rf3 Qh4 19. Qxc2 Bb5 20. Nc4 Rad8 21. e4 f5 22. e5 Rxd5 23. Nd6 Bc6 24. Nxf5 Qd8 25. Rf2 Rd3 26. Ne7+ Kh8 27. Nxc6 bxc6 28. Qxc5 h6 29. e6 Qf6 30. Re1 Rg3 31. e7 Re8 32. Kh2 Rc3 33. Qe5 Qh4 34. Qxc3 Qxf2 35. Qe3 Qh4 36. Bxc6 Rxe7 37. Qxe7 1-0

[Event "GER-chT Betriebe 17th"]
[Site "Berlin"]
[Date "2017.11.02"]
[Round "2.1"]
[White "Hufnagel, Markus"]
[Black "Humke, Andreas"]
[Result "1/2-1/2"]
[WhiteElo "1693"]
[BlackElo "1961"]
[PlyCount "47"]
[EventDate "2017.11.02"]
[EventType "team-swiss"]
[EventRounds "7"]
[EventCountry "GER"]
[SourceTitle "EXT 2020"]
[Source "ChessBase"]
[SourceDate "2019.10.17"]
[SourceVersion "1"]
[SourceVersionDate "2019.10.17"]
[SourceQuality "1"]
[WhiteTeam "Oberhausen Deutsche Bahn"]
[BlackTeam "Berlin Gardez Robe"]
[WhiteTeamCountry "GER"]
[BlackTeamCountry "GER"]

1. c4 c5 2. Nc3 Nc6 3. g3 e5 4. Bg2 g6 5. e4 Bg7 6. d3 Nge7 7. Nge2 0-0 8. 0-0 d6 9. Be3 f5 10. f4 Nd4 11. Qd2 Be6 12. Rab1 Rb8 13. b4 b6 14. a3 Qd7 15. Nd5 Bxd5 16. exd5 Qa4 17. Nc3 Qxa3 18. Bxd4 exd4 19. Nb5 Qa6 20. Ra1 Qc8 21. Rxa7 Qd8 22. Nc7 Nc8 23. Ne6 Nxa7 24. Nxd8 1/2-1/2

[Event "Solingen Karneval op"]
[Site "Solingen"]
[Date "2017.02.25"]
[Round "3"]
[White "Hufnagel, Markus"]
[Black "Vranidis, Athanassios"]
[Result "0-1"]
[WhiteElo "1680"]
[BlackElo "1936"]
[PlyCount "96"]
[EventDate "2017.02.24"]
[EventType "swiss"]
[EventRounds "5"]
[EventCountry "GER"]
[SourceTitle "EXT 2018"]
[Source "ChessBase"]
[SourceDate "2017.10.13"]
[SourceVersion "1"]
[SourceVersionDate "2017.10.13"]
[SourceQuality "1"]

1. c4 Nf6 2. Nc3 e6 3. g3 d5 4. cxd5 exd5 5. d4 c6 6. Bg2 Bd6 7. Nf3 Nbd7 8. 0-0 0-0 9. Nd2 Re8 10. e4 dxe4 11. Ndxe4 Bc7 12. Bg5 h6 13. Be3 Nxe4 14. Nxe4 Nf6 15. Nxf6+ Qxf6 16. Qf3 Qxf3 17. Bxf3 Be6 18. b3 Rad8 19. Rac1 Bb6 20. Rfd1 Bd5 21. Be2 Rd7 22. Bg4 Be6 23. Bxe6 Rxe6 24. Rc3 Red6 25. Rcd3 Rd5 26. Kg2 c5 27. Rc1 cxd4 28. Bd2 Rc5 29. Rxc5 Bxc5 30. b4 Bb6 31. a4 a6 32. Kf3 f5 33. h4 Kf7 34. Bc1 Ke6 35. a5 Ba7 36. g4 fxg4+ 37. Ke4 Rf7 38. Bf4 g5 39. Bg3 gxh4 40. Bxh4 Rc7 41. Rb3 Rc3 42. Rxc3 dxc3 43. Kd3 Kf5 44. Kxc3 Kf4 45. Kd2 Kf3 46. Ke1 Bb8 47. Bf6 Bd6 48. Bc3 Kg2 0-1

[Event "Gelsenkirchen Silvester op 4th"]
[Site "Gelsenkirchen"]
[Date "2016.12.27"]
[Round "2"]
[White "Osten, Sonja"]
[Black "Hufnagel, Markus"]
[Result "0-1"]
[WhiteElo "1190"]
[BlackElo "1679"]
[PlyCount "66"]
[EventDate "2016.12.27"]
[EventType "swiss"]
[EventRounds "5"]
[EventCountry "GER"]
[SourceTitle "EXT 2019"]
[Source "ChessBase"]
[SourceDate "2018.10.10"]
[SourceVersion "1"]
[SourceVersionDate "2018.10.10"]
[SourceQuality "1"]

1. e4 c5 2. Nf3 d6 3. Bc4 e6 4. d3 d5 5. exd5 exd5 6. Bb3 Nf6 7. c3 Be7 8. d4 0-0 9. 0-0 h6 10. dxc5 Bxc5 11. Bf4 Nc6 12. Re1 Ne4 13. Be3 Bxe3 14. Rxe3 Nf6 15. h3 Be6 16. Nbd2 Qb6 17. Nf1 Rad8 18. Ng3 d4 19. cxd4 Nxd4 20. Nxd4 Rxd4 21. Rd3 Bxb3 22. Qxb3 Rb4 23. Qd1 Rxb2 24. Qf3 Nh7 25. Rb3 Ng5 26. Qe3 Qf6 27. Rxb2 Qxb2 28. Qc1 Qxc1+ 29. Rxc1 Ne6 30. Rb1 b6 31. Ne4 Rc8 32. Nd6 Rc2 33. a4 Ra2 0-1

[Event "Solingen Karneval op"]
[Site "Solingen"]
[Date "2016.02.06"]
[Round "2"]
[White "Hufnagel, Markus"]
[Black "Kuckert, Kai"]
[Result "1-0"]
[WhiteElo "1693"]
[BlackElo "1241"]
[PlyCount "53"]
[EventDate "2016.02.05"]
[EventType "swiss"]
[EventRounds "5"]
[EventCountry "GER"]
[SourceTitle "EXT 2018"]
[Source "ChessBase"]
[SourceDate "2017.10.13"]
[SourceVersion "1"]
[SourceVersionDate "2017.10.13"]
[SourceQuality "1"]

1. c4 e5 2. Nc3 Nf6 3. g3 Bc5 4. e3 Nc6 5. Bg2 0-0 6. Nge2 d6 7. 0-0 Be6 8. d4 exd4 9. exd4 Bxd4 10. Nxd4 Bxc4 11. Nxc6 bxc6 12. Ne2 d5 13. Bg5 d4 14. b3 Bb5 15. Re1 d3 16. Nf4 d2 17. Re3 Qd6 18. Bxf6 gxf6 19. Qg4+ Kh8 20. Be4 Rg8 21. Qd1 Rad8 22. Bd3 Bxd3 23. Nxd3 Qd4 24. Rb1 Rge8 25. Rxe8+ Rxe8 26. Qxd2 Qe4 27. Re1 1-0

[Event "Gelsenkirchen Silvester op 3rd"]
[Site "Gelsenkirchen"]
[Date "2015.12.28"]
[Round "4"]
[White "Gueldner, Johannes"]
[Black "Hufnagel, Markus"]
[Result "0-1"]
[WhiteElo "1093"]
[BlackElo "1680"]
[PlyCount "118"]
[EventDate "2015.12.27"]
[EventType "swiss"]
[EventRounds "5"]
[EventCountry "GER"]
[SourceTitle "EXT 2019"]
[Source "ChessBase"]
[SourceDate "2018.10.10"]
[SourceVersion "1"]
[SourceVersionDate "2018.10.10"]
[SourceQuality "1"]

1. d4 Nf6 2. c4 e5 3. dxe5 Ng4 4. Nf3 Nc6 5. Bf4 Bb4+ 6. Bd2 Bxd2+ 7. Qxd2 Ngxe5 8. Qc3 Nxf3+ 9. Qxf3 0-0 10. e3 Qe7 11. a3 Nd4 12. Qd1 Nf5 13. Bd3 d6 14. 0-0 Qe5 15. Qc2 h6 16. Nd2 Nh4 17. Be4 c6 18. Nf3 Nxf3+ 19. Bxf3 Be6 20. Rfd1 Rfd8 21. b4 d5 22. cxd5 cxd5 23. Rac1 Rac8 24. Qe2 Rc3 25. Qb2 Rxe3 26. Qxe5 Rxe5 27. Rd4 Re8 28. h3 Rd8 29. Kf1 Kf8 30. Rc7 Re8 31. Rd1 Rd8 32. Rd4 Rd6 33. Rc5 Rc6 34. Be2 Ke7 35. Bb5 Rxc5 36. bxc5 b6 37. cxb6 axb6 38. Bd3 Kd6 39. g4 Kc5 40. Rb4 h5 41. Be2 hxg4 42. hxg4 Re4 43. Rb5+ Kc6 44. Rb4 Rxb4 45. axb4 Kd6 46. f4 d4 47. g5 f6 48. gxf6 gxf6 49. Bd3 Kc6 50. Kf2 Kd5 51. Kg3 Bf7 52. Kg4 Be6+ 53. Kh5 Kd6 54. Kg6 Ke7 55. Kh6 Kf7 56. f5 Bd5 57. Kh7 Ke7 58. Kg7 Bf3 59. Bc2 Be2 0-1

[Event "Dortmund Sparkassen op-B"]
[Site "Dortmund"]
[Date "2015.07.04"]
[Round "8"]
[White "Hufnagel, Markus"]
[Black "Leonard, Timo"]
[Result "0-1"]
[WhiteElo "1572"]
[BlackElo "1590"]
[PlyCount "102"]
[EventDate "2015.06.27"]
[EventType "swiss"]
[EventRounds "9"]
[EventCountry "GER"]
[SourceTitle "CBM 167 Extra"]
[Source "ChessBase"]
[SourceDate "2015.09.14"]
[SourceVersion "1"]
[SourceVersionDate "2015.09.14"]
[SourceQuality "1"]

1. c4 Nf6 2. Nc3 e6 3. g3 d5 4. cxd5 exd5 5. Bg2 c6 6. d4 Bf5 7. Nf3 Bd6 8. 0-0 0-0 9. Nh4 Be6 10. Bg5 Nbd7 11. e4 dxe4 12. Nxe4 Be7 13. Nxf6+ Bxf6 14. Bxf6 Nxf6 15. Qd2 Qd7 16. Rfe1 Rad8 17. Nf3 c5 18. Ne5 Qxd4 19. Qxd4 Rxd4 20. Bxb7 Rb8 21. Bg2 Rxb2 22. Red1 Rxa2 23. Rab1 Rxd1+ 24. Rxd1 g6 25. Rc1 Nd7 26. Nxd7 Bxd7 27. h4 Ra5 28. Rd1 Be6 29. Rc1 c4 30. Bf1 Rc5 31. f4 h5 32. Kf2 Kf8 33. Ke3 Ke7 34. Kd4 Rc7 35. Kc3 Kf6 36. Be2 a5 37. Ra1 Ra7 38. Kd4 a4 39. Kc5 c3 40. Kb6 Ra8 41. Bf3 Rc8 42. Bb7 Rb8 43. Rc1 Rxb7+ 44. Kxb7 Bb3 45. Kb6 c2 46. Kc5 Kf5 47. Kb4 Ke4 48. Rg1 Kf3 49. g4 hxg4 50. f5 g3 51. fxg6 fxg6 0-1

[Event "Dortmund Sparkassen op-B"]
[Site "Dortmund"]
[Date "2015.06.29"]
[Round "3"]
[White "Truemper, Michael"]
[Black "Hufnagel, Markus"]
[Result "1-0"]
[WhiteElo "1758"]
[BlackElo "1572"]
[PlyCount "63"]
[EventDate "2015.06.27"]
[EventType "swiss"]
[EventRounds "9"]
[EventCountry "GER"]
[SourceTitle "CBM 167 Extra"]
[Source "ChessBase"]
[SourceDate "2015.09.14"]
[SourceVersion "1"]
[SourceVersionDate "2015.09.14"]
[SourceQuality "1"]

1. d4 Nf6 2. Bg5 e6 3. Nc3 Be7 4. Nf3 Nc6 5. e4 d5 6. Bb5 0-0 7. 0-0 Nxe4 8. Nxe4 dxe4 9. Bxc6 bxc6 10. Bxe7 Qxe7 11. Ne5 Bb7 12. Qe2 f6 13. Ng4 Qd6 14. Rad1 Rad8 15. Ne3 Qb4 16. c3 Qa5 17. Qc4 Rfe8 18. b4 Qg5 19. Rfe1 f5 20. Qc5 Ba6 21. Qxa7 Bd3 22. Qxc7 f4 23. Nf1 e5 24. Qxc6 exd4 25. Rxd3 Rc8 26. Qa4 Ra8 27. Qb3+ Kh8 28. Rxd4 e3 29. fxe3 fxe3 30. Rd3 e2 31. Ng3 Qc1 32. Rxc1 1-0

[Event "Dortmund Sparkassen op-B"]
[Site "Dortmund"]
[Date "2015.06.28"]
[Round "2"]
[White "Hufnagel, Markus"]
[Black "Korten, Lando"]
[Result "0-1"]
[WhiteElo "1572"]
[BlackElo "1786"]
[PlyCount "50"]
[EventDate "2015.06.27"]
[EventType "swiss"]
[EventRounds "9"]
[EventCountry "GER"]
[SourceTitle "CBM 167 Extra"]
[Source "ChessBase"]
[SourceDate "2015.09.14"]
[SourceVersion "1"]
[SourceVersionDate "2015.09.14"]
[SourceQuality "1"]

1. c4 Nf6 2. Nc3 d6 3. d3 g6 4. e4 Bg7 5. g3 0-0 6. Bg2 e5 7. Nge2 Nc6 8. 0-0 Ne8 9. Be3 Nd4 10. Qd2 f5 11. Bh6 c6 12. Bxg7 Nxg7 13. Nxd4 exd4 14. Ne2 c5 15. b4 Rb8 16. bxc5 dxc5 17. Rab1 b6 18. f4 fxe4 19. Bxe4 Bb7 20. Bxb7 Rxb7 21. Kg2 Nf5 22. Kh1 Re7 23. g4 Qa8+ 24. Kg1 Ne3 25. Kf2 Qg2+ 0-1

[Event "Gelsenkirchen Silvester op 2nd"]
[Site "Gelsenkirchen"]
[Date "2014.12.29"]
[Round "5"]
[White "Heldt, Maximilian"]
[Black "Hufnagel, Markus"]
[Result "1-0"]
[WhiteElo "1983"]
[BlackElo "1718"]
[PlyCount "51"]
[EventDate "2014.12.27"]
[EventType "swiss"]
[EventRounds "5"]
[EventCountry "GER"]
[SourceTitle "EXT 2019"]
[Source "ChessBase"]
[SourceDate "2018.10.10"]
[SourceVersion "1"]
[SourceVersionDate "2018.10.10"]
[SourceQuality "1"]

1. e4 c5 2. Na3 Nc6 3. Bb5 d6 4. c3 Nf6 5. Qe2 Bd7 6. Nf3 g6 7. d4 cxd4 8. cxd4 Bg7 9. e5 dxe5 10. dxe5 Ng4 11. Nc4 0-0 12. 0-0 a6 13. Bxc6 Bxc6 14. Ng5 Nh6 15. Rd1 Qc7 16. Bf4 e6 17. Nd6 Qa5 18. Nge4 Nf5 19. Nxf5 exf5 20. Nf6+ Bxf6 21. exf6 Qb4 22. Bd6 Qh4 23. Bxf8 Rxf8 24. Qe7 Qg4 25. f3 Qg5 26. Rd8 1-0

[Event "Gelsenkirchen Silvester op 2nd"]
[Site "Gelsenkirchen"]
[Date "2014.12.28"]
[Round "3"]
[White "Hufnagel, Markus"]
[Black "Wingerning, Fynn"]
[Result "1-0"]
[WhiteElo "1718"]
[BlackElo "990"]
[PlyCount "71"]
[EventDate "2014.12.27"]
[EventType "swiss"]
[EventRounds "5"]
[EventCountry "GER"]
[SourceTitle "EXT 2019"]
[Source "ChessBase"]
[SourceDate "2018.10.10"]
[SourceVersion "1"]
[SourceVersionDate "2018.10.10"]
[SourceQuality "1"]

1. c4 e5 2. Nc3 Nf6 3. d3 Bb4 4. Bd2 0-0 5. e4 Nc6 6. Nf3 d6 7. g3 Bg4 8. Bg2 Nd4 9. 0-0 Nh5 10. Be3 c5 11. Bxd4 cxd4 12. Nd5 a5 13. h3 Qg5 14. Nxg5 Bxd1 15. Raxd1 h6 16. Nf3 Rab8 17. Nh4 b5 18. cxb5 Rxb5 19. Nf5 Bc5 20. b3 Re8 21. Nc7 Reb8 22. Nxb5 Rxb5 23. Ne7+ Kh7 24. Bf3 Nf6 25. Bg2 Rb4 26. Nd5 Nxd5 27. exd5 a4 28. Rb1 a3 29. f4 exf4 30. Rxf4 f6 31. Be4+ Kg8 32. Re1 Rb8 33. Bg6 Kf8 34. Rfe4 Bb4 35. Re8+ Rxe8 36. Rxe8# 1-0

[Event "Gelsenkirchen Silvester op 2nd"]
[Site "Gelsenkirchen"]
[Date "2014.12.27"]
[Round "2"]
[White "Nikutowski, Oliver"]
[Black "Hufnagel, Markus"]
[Result "1-0"]
[WhiteElo "1980"]
[BlackElo "1718"]
[PlyCount "85"]
[EventDate "2014.12.27"]
[EventType "swiss"]
[EventRounds "5"]
[EventCountry "GER"]
[SourceTitle "EXT 2019"]
[Source "ChessBase"]
[SourceDate "2018.10.10"]
[SourceVersion "1"]
[SourceVersionDate "2018.10.10"]
[SourceQuality "1"]

1. e4 c5 2. Nf3 Nc6 3. Bb5 Nd4 4. Nxd4 cxd4 5. c3 Qb6 6. Ba4 e5 7. Qh5 Qf6 8. cxd4 exd4 9. 0-0 g6 10. Qe2 Bg7 11. f4 Ne7 12. d3 0-0 13. Nd2 d5 14. e5 Qa6 15. Bb3 Bf5 16. Bc2 Rac8 17. Bb1 Nc6 18. g4 Bd7 19. Nb3 Qb6 20. Bd2 a5 21. Be1 a4 22. Nc1 Nb4 23. Bxb4 Qxb4 24. a3 Qb6 25. Na2 Bxg4 26. Qg2 Bf5 27. Nb4 Be6 28. Ba2 Qb5 29. Bxd5 Bxd5 30. Qxd5 Qxd5 31. Nxd5 Rc2 32. Rf2 Rc5 33. Nb6 Ra5 34. Rc1 Ra6 35. Nd7 Rd8 36. Rc7 b5 37. f5 Bh6 38. e6 fxe6 39. Nf6+ Kf8 40. Nxh7+ Kg8 41. Nf6+ Kf8 42. fxg6 e5 43. Rf7# 1-0

[Event "Rheinhausen-ch op 18th"]
[Site "Rheinhausen"]
[Date "2014.02.07"]
[Round "3"]
[White "Vijayakumar, Prusoth"]
[Black "Hufnagel, Markus"]
[Result "1-0"]
[WhiteElo "1830"]
[BlackElo "1577"]
[PlyCount "79"]
[EventDate "2014.01.10"]
[EventType "swiss"]
[EventRounds "7"]
[EventCountry "GER"]
[SourceTitle "EXT 2017"]
[Source "ChessBase"]
[SourceDate "2016.10.25"]
[SourceVersion "1"]
[SourceVersionDate "2016.10.25"]
[SourceQuality "1"]

1. e4 c5 2. c3 Nc6 3. d4 d5 4. exd5 Qxd5 5. Nf3 Nf6 6. dxc5 Qxd1+ 7. Kxd1 Bg4 8. Be2 e6 9. b4 Be7 10. a3 0-0 11. Nbd2 Rad8 12. Kc2 Nd5 13. Bb2 Nf4 14. Bf1 Bf6 15. g3 Bf5+ 16. Kb3 Nd5 17. Bg2 e5 18. Rhe1 g6 19. Ne4 Bg7 20. Nd6 b6 21. Nxf5 gxf5 22. cxb6 Nxb6 23. Rad1 a5 24. Nh4 a4+ 25. Kc2 Ne7 26. Bf1 Rc8 27. Rd6 Nc4 28. Bxc4 Rxc4 29. Red1 f4 30. Rd8 fxg3 31. Rxf8+ Bxf8 32. hxg3 Kg7 33. Rd7 Rg4 34. Ra7 Nc6 35. Rxa4 Rc4 36. Kd2 Ne7 37. Ra6 Kg8 38. Nf3 f6 39. Rxf6 Nd5 40. Re6 1-0

[Event "Gelsenkirchen Silvester op 1st"]
[Site "Gelsenkirchen"]
[Date "2013.12.27"]
[Round "2"]
[White "Hufnagel, Markus"]
[Black "Viciski, Mike"]
[Result "1-0"]
[WhiteElo "1713"]
[BlackElo "1347"]
[PlyCount "39"]
[EventDate "2013.12.27"]
[EventType "swiss"]
[EventRounds "5"]
[EventCountry "GER"]
[SourceTitle "EXT 2019"]
[Source "ChessBase"]
[SourceDate "2018.10.10"]
[SourceVersion "1"]
[SourceVersionDate "2018.10.10"]
[SourceQuality "1"]

1. c4 Nf6 2. Nc3 d5 3. cxd5 Nxd5 4. d4 Nc6 5. Nf3 e6 6. e4 Nde7 7. g3 g6 8. Bg2 Bg7 9. Be3 b6 10. 0-0 Bb7 11. d5 exd5 12. exd5 Ne5 13. Nxe5 Bxe5 14. Qa4+ c6 15. Rad1 Qc7 16. f4 Bd6 17. Ne4 Nf5 18. Nxd6+ Nxd6 19. dxc6 Bc8 20. Qd4 1-0

[Event "Rheinhausen-ch"]
[Site "Rheinhausen"]
[Date "2011.02.18"]
[Round "4"]
[White "Hufnagel, Markus"]
[Black "Angermann, Immo Frank"]
[Result "1-0"]
[WhiteElo "1432"]
[BlackElo "1505"]
[PlyCount "79"]
[EventDate "2011.01.07"]
[EventType "swiss"]
[EventRounds "7"]
[EventCountry "GER"]
[SourceTitle "EXT 2015"]
[Source "ChessBase"]
[SourceDate "2014.11.20"]
[SourceVersion "1"]
[SourceVersionDate "2014.11.20"]
[SourceQuality "1"]

1. c4 Nf6 2. Nc3 g6 3. g3 Bg7 4. Bg2 Nc6 5. d3 d6 6. e4 e5 7. Nge2 0-0 8. 0-0 Be6 9. Nd5 Ne8 10. f4 Qd7 11. Bh1 Bg4 12. Be3 exf4 13. Ndxf4 Nd4 14. Qd2 Nxe2+ 15. Nxe2 f5 16. exf5 Rxf5 17. Nf4 Rf7 18. Bd5 Nf6 19. Bxf7+ Kxf7 20. Nd5 Bf5 21. Nxf6 Bxf6 22. d4 Re8 23. d5 Re4 24. Rf4 Qe7 25. Re1 Re5 26. g4 Bg5 27. Rf3 Bxe3+ 28. Rexe3 Qg5 29. h3 h5 30. Rg3 hxg4 31. hxg4 Be4 32. Qf2+ Kg7 33. b4 Qh4 34. Qh2 Qg5 35. Qb2 Qh4 36. Kf1 Kg8 37. Qd4 Qh1+ 38. Rg1 Bg2+ 39. Kf2 Qh4+ 40. Kxg2 1-0

[Event "Rheinhausen-ch"]
[Site "Rheinhausen"]
[Date "2011.01.08"]
[Round "1"]
[White "Ehlers, Fredi"]
[Black "Hufnagel, Markus"]
[Result "1/2-1/2"]
[WhiteElo "1868"]
[BlackElo "1432"]
[PlyCount "72"]
[EventDate "2011.01.07"]
[EventType "swiss"]
[EventRounds "7"]
[EventCountry "GER"]
[SourceTitle "EXT 2015"]
[Source "ChessBase"]
[SourceDate "2014.11.20"]
[SourceVersion "1"]
[SourceVersionDate "2014.11.20"]
[SourceQuality "1"]

1. d4 Nf6 2. c4 e5 3. dxe5 Ng4 4. Nf3 Nc6 5. Nc3 Bc5 6. e3 Ngxe5 7. a3 a5 8. Ne4 Qe7 9. Nxc5 Qxc5 10. Nxe5 Nxe5 11. Qd4 d6 12. Bd2 Be6 13. Rc1 a4 14. Be2 0-0 15. 0-0 Nc6 16. Qh4 Na5 17. Bb4 Qf5 18. Rfd1 h6 19. Bxa5 Rxa5 20. Rd4 Qg5 21. Qxg5 Rxg5 22. c5 dxc5 23. Rxa4 Bb3 24. Ra5 b6 25. Ra7 Rd8 26. h4 Rgd5 27. Bf3 Rd2 28. Rxc7 Rxb2 29. Rb7 Rd6 30. Rb8+ Kh7 31. Be4+ g6 32. h5 c4 33. hxg6+ fxg6 34. Rb7+ Kh8 35. Rb8+ Kh7 36. Rb7+ Kh8 1/2-1/2

[Event "Duisburg SBDU-ch"]
[Site "Duisburg Rheinhausen"]
[Date "2010.11.12"]
[Round "5"]
[White "Drygajlo, Lars"]
[Black "Hufnagel, Markus"]
[Result "1-0"]
[WhiteElo "1419"]
[BlackElo "1455"]
[PlyCount "95"]
[EventDate "2010.09.17"]
[EventType "swiss"]
[EventRounds "7"]
[EventCountry "GER"]
[SourceTitle "EXT 2018"]
[Source "ChessBase"]
[SourceDate "2017.10.13"]
[SourceVersion "1"]
[SourceVersionDate "2017.10.13"]
[SourceQuality "1"]

1. e4 Nc6 2. d4 d5 3. e5 a6 4. Be3 Bf5 5. Bd3 Qd7 6. a3 g6 7. Nc3 Bxd3 8. Qxd3 Bg7 9. Nge2 Nh6 10. 0-0 0-0 11. Nf4 e6 12. Nh3 Nf5 13. f4 Na5 14. Nf2 Nc4 15. Bc1 Rac8 16. b3 Nb6 17. Ng4 Qe7 18. a4 c5 19. Ba3 Nd7 20. Nd1 Rc6 21. Nde3 Nxe3 22. Qxe3 Qh4 23. Nf2 cxd4 24. Qxd4 Rfc8 25. Qa7 Qxf4 26. Nd3 Qg4 27. Qxb7 Rxc2 28. Nf2 R2c7 29. Qxc8+ Rxc8 30. Nxg4 Nxe5 31. Nxe5 Bxe5 32. Rac1 Bd4+ 33. Kh1 Rb8 34. b4 f5 35. Rc7 e5 36. Rfc1 e4 37. Rd7 h5 38. Rxd5 Be3 39. Rcd1 Kf7 40. b5 axb5 41. Rxb5 Ra8 42. a5 Bf2 43. Rdb1 e3 44. Bc5 Rc8 45. a6 Ke6 46. a7 Rxc5 47. Rxc5 e2 48. Rc6+ 1-0

[Event "Rheinhausen-ch 14th"]
[Site "Duisburg Rheinhausen"]
[Date "2010.03.26"]
[Round "7"]
[White "Hufnagel, Markus"]
[Black "Roeder, Christian"]
[Result "1-0"]
[WhiteElo "1527"]
[BlackElo "1256"]
[PlyCount "57"]
[EventDate "2010.01.08"]
[EventType "swiss"]
[EventRounds "7"]
[EventCountry "GER"]
[SourceTitle "EXT 2018"]
[Source "ChessBase"]
[SourceDate "2017.10.13"]
[SourceVersion "1"]
[SourceVersionDate "2017.10.13"]
[SourceQuality "1"]

1. c4 Nf6 2. Nc3 Nc6 3. g3 d6 4. Bg2 Bd7 5. Nf3 e6 6. 0-0 g6 7. d4 Bg7 8. d5 exd5 9. cxd5 Ne7 10. e4 0-0 11. Be3 c6 12. dxc6 Bxc6 13. Nd4 d5 14. e5 Ne4 15. f4 Nxc3 16. bxc3 Bd7 17. Qb3 Bc6 18. Rab1 Qd7 19. Qc2 Rac8 20. h4 Ba4 21. Qd3 Nf5 22. Bh3 Rc4 23. Bxf5 gxf5 24. Qxf5 Qxf5 25. Nxf5 Rxc3 26. Rxb7 a6 27. Rc1 Rxc1+ 28. Bxc1 Rc8 29. Ne7+ 1-0

[Event "Rheinhausen-ch 14th"]
[Site "Duisburg Rheinhausen"]
[Date "2010.01.22"]
[Round "2"]
[White "Palmowski, Sascha"]
[Black "Hufnagel, Markus"]
[Result "1/2-1/2"]
[WhiteElo "1202"]
[BlackElo "1527"]
[PlyCount "40"]
[EventDate "2010.01.08"]
[EventType "swiss"]
[EventRounds "7"]
[EventCountry "GER"]
[SourceTitle "EXT 2018"]
[Source "ChessBase"]
[SourceDate "2017.10.13"]
[SourceVersion "1"]
[SourceVersionDate "2017.10.13"]
[SourceQuality "1"]

1. c4 Nf6 2. Nc3 e6 3. e4 Nc6 4. Nf3 Bb4 5. a3 Bxc3 6. bxc3 Nxe4 7. Bb2 0-0 8. Qc2 d5 9. Bd3 Nf6 10. 0-0 e5 11. cxd5 Nxd5 12. Bxh7+ Kh8 13. c4 Nf6 14. Bc3 Re8 15. Ng5 Qe7 16. Rfe1 Ng4 17. Nf3 Qc5 18. Re2 Nf6 19. Rae1 Bg4 20. Re3 Bxf3 1/2-1/2

[Event "Duisburg SBDU-ch"]
[Site "Duisburg Wohndorf Laar"]
[Date "2009.11.06"]
[Round "5"]
[White "Hufnagel, Markus"]
[Black "Meinert, Thomas"]
[Result "0-1"]
[WhiteElo "1458"]
[BlackElo "1816"]
[PlyCount "72"]
[EventDate "2009.09.11"]
[EventType "swiss"]
[EventRounds "7"]
[EventCountry "GER"]
[SourceTitle "EXT 2018"]
[Source "ChessBase"]
[SourceDate "2017.10.13"]
[SourceVersion "1"]
[SourceVersionDate "2017.10.13"]
[SourceQuality "1"]

1. b3 d5 2. Bb2 c5 3. d4 Nc6 4. Nf3 Nf6 5. dxc5 e6 6. g3 Bxc5 7. Bg2 Ne4 8. e3 Qa5+ 9. c3 Qa6 10. Bf1 Qb6 11. Qe2 0-0 12. Bg2 Bd7 13. 0-0 Rac8 14. Nbd2 Nf6 15. Nd4 e5 16. Nxc6 Bxc6 17. Rab1 Rfe8 18. e4 Bb5 19. c4 dxc4 20. bxc4 Ba6 21. Bxe5 Qe6 22. Bxf6 Qxf6 23. Qf3 Qe7 24. Bh3 Rc6 25. Rfd1 Rf6 26. Qd3 Rd8 27. Qc2 Rxf2 28. Kh1 Be3 29. Rb2 Bxd2 30. Qb3 Qxe4+ 31. Kg1 Qd4 32. Kh1 b6 33. Bg2 Bxc4 34. Qc2 Bd5 35. Rg1 Bxg2+ 36. Rxg2 Rf1+ 0-1